Normal view
MARC view
- Murray-Wallace, Colin V
Entry Personal Name
001 - CONTROL NUMBER
- control field: 27748
003 - CONTROL NUMBER IDENTIFIER
- control field: IN-BhIIT
005 - DATE AND TIME OF LATEST TRANSACTION
- control field: 20260429165849.0
008 - FIXED-LENGTH DATA ELEMENTS
- fixed length control field: 260429|| aca||aabn | a|a d
040 ## - CATALOGING SOURCE
- Original cataloging agency: IN-BhIIT
- Transcribing agency: IN-BhIIT
100 ## - HEADING--PERSONAL NAME
- Personal name: Murray-Wallace, Colin V
670 ## - SOURCE DATA FOUND
- Source citation: Work cat.: (IN-BhIIT)15494: Murray-Wallace, Colin V. Author, Quaternary sea-level changes : , 2018.